| 000 | 01999nam0a2200325 4500 | ||
|---|---|---|---|
| 001 | RU\NLR\bibl\1790108 | ||
| 005 | 20250616142410.0 | ||
| 010 |
_a978-5-8343-0646-7 _9200 |
||
| 021 |
_aRU _b2011-46628 _93315 |
||
| 035 | _a(NLR Aleph) 001780817 | ||
| 090 |
_a1696438 _c1696438 |
||
| 100 | _a20110719d2010 |||y0rusy50 ca | ||
| 101 | 0 | _arus | |
| 102 | _aRU | ||
| 105 | _aab ||||||||| | ||
| 200 | 1 |
_aНаселение дневных чешуекрылых (Lepidoptera, Diurna) Государственного природного заповедника "Уссурийский" имени В.Л. Комарова _fМартыненко Андрей Борисович, Сасова Лидия Евгеньевна _gотв. ред. д.биол.н. Е.С. Равкин _gМ-во образования и науки Рос. Федерации, Дальневост. гос. ун-т, Рос. акад. наук. Дальневосточное отд-ние, Гос. природ. заповедник "Уссурийский" им. В.Л. Комарова |
|
| 210 |
_aВладивосток _cМорской государственный университет _d2010 |
||
| 215 |
_a211 с. _cил., карт. _d21 |
||
| 320 | _aБиблиогр.: с. 137-159 | ||
| 601 | 0 | 2 |
_a"Уссурийский", государственный природный заповедник им. В.Л. Комарова _cПриморский край _xЗоологические исследования _92622547 _3RU\NLR\auth\661559107 |
| 606 | 1 |
_aДневные бабочки _yПриморский край _91011829 _3RU\NLR\auth\66385308 |
|
| 686 | _aБ12(2)Уссурийский | ||
| 686 | _aЕ691.895.2(2Р55-4Пр) | ||
| 700 | 1 |
_aМартыненко _bА. Б. _f1972- _gАндрей Борисович _4070 |
|
| 701 | 1 |
_aСасова _bЛ. Е. _gЛидия Евгеньевна _4070 |
|
| 801 | 0 |
_aRU _bNLR _c20110719 _gRCR |
|
| 801 | 1 |
_aRU _bNLR _c20110719 |
|
| 942 | _cBOOK | ||
| 980 | _aNB | ||